Datum a čas kvízu
35.5
Celkem bodů
Celkový počet nahraných bodů na tomto kvízu bez doplňovacích otázek.
6.
Pořadí na kvízu
Konečné umístění týmu na tomto kvízu.
Zaznamenané odpovědi
| # | Otázka | Odpověď | Body | Výsledky |
|---|---|---|---|---|
| 1. | Jak se nazývá zámek nedaleko P... | Štiřín | 1 | |
| 2. | Do jedné vesnické školy zapsal... | ve Francii | 1 | |
| 3. | V úterý byl zahájen 77. ročník... | v Cannes | 1 | |
| 4. | Bývalá manželka Billa Gatese M... | Gatesova nadace | 1 | |
| 5. | V sobotu se v Rijádu konal dlo... | Tyson Fury, Oleksandr Usyk | 0.5 | |
| 6. | Bájného českého knížete Kroka,... | Krakov | 1 | |
| 7. | Podle pověsti prý zvony z kost... | ve čtvrtek (na Zelený čtvrtek) | 0 | |
| 8. | Přiřaďte k sobě dvojice hrdinů... | 1B 2D 3A 4C | 1 | |
| 9. | O hřbitovním kostele sv. Maří... | Svatební košile | 1 | |
| 10. | Pokud dokážete určit, co tento... | Stadice | 0 |